| 000 | 01500cam a22002294a 4500 | ||
|---|---|---|---|
| 005 | 20250605164058.0 | ||
| 008 | 250528s ||||||||||||||||||||||||d | ||
| 035 | _a17542 | ||
| 020 | _a70170479 | ||
| 040 |
_aGR-AtMCL _bgre _dGR-AtMCL _eAACR2 |
||
| 245 | 1 | _aSchaum's Outline of Theory and Problems of Feedback and Control Systems / Continuous (Analog) and Discrete (Digital): Second Edition | |
| 250 | _a2nd | ||
| 260 |
_bMcgraw Hill, Inc, _c1990 |
||
| 300 | _a502 | ||
| 520 | _aEach outline series includes basic theory, definitions, and hundreds of carefully solved problems and supplementary problems. Introduction, Control System Terminology, Differential Equations and Difference Equations and Linear Systems, The Laplace Transform and the z-Transform, Stability, Transfer Functions, Block Diagram Algebra and Transfer Functions of Systems, Signal Flow Graphs, System Sensitivity Measures and Classification of Feedback Systems, Analysis and Design of Feedback Control Systems: Objectives and Methods, Nyquist Analysis, Nyquist Design, Root-Locus Analysis, Root-Locus Design, Bode Analysis, Bode Design, Nichols Chart Analysis, Nichols Chart Design, Introduction to Nonlinear Control Systems, Introduction to Advanced Topics in Control Systems Analysis and Design, Appendixes, References and Bibliography, Index. | ||
| 700 | 1 |
_aDistefano Joseph J _93688 |
|
| 700 | 1 |
_aStubberud Allen R _93689 |
|
| 700 | 1 |
_aWilliams Ivan J _93690 |
|
| 942 | _cBK | ||
| 999 |
_c2949 _d2949 |
||